000 00416cam a22001217a 4500
008 180718b1968 xxu||||| |||| 00| 0 eng d
082 _aB7301mcx5442 M278
245 _aCorporation procedure rules and regulations
_cby Municipal corporation of Greater Bombay
260 _aBombay
_bMunicipal Printing Press
_c1968
300 _av, 177p
650 _aTime (Law)
700 _aIndia. Municipal corporation of Greater Bombay
999 _c415439
_d415439